000
00314nam a22001337a 4500
020
_a
0-330-35125-7
082
_a
823
_b
AND/C
100
_a
ANDREWS, KATE
245
_a
TOUGH LUCK CARRIE
260
_a
GREAT BRITAIN
_b
MACMILLAN CHILDREN'S BOOK
_c
1998
300
_a
135
650
_a
NOVEL
_z
UNITED KINGDOM
942
_c
BK
999
_c
2463
_d
2463